Представление документа в формате RUSMARC

ПолеНазваниеЗначение
  Тип записи a
  Библиографический уровень m
001 Контрольный номер cec0e79b429846e18a2cb15aba684109
005 Дата корректировки 20170705141324.8
010 Индекс ISBN __
a ISBN 5-94798-808-9
101 Язык документа 0_
a Язык текста rus
102 Страна публикации __
a Страна публикации RU
200 Заглавие и сведения об ответственности 1_
a Заглавие Внешнеэкономическая деятельность
b Общее обозначение материала Текст
e Сведения, относящиеся к заглавию учебник
205 Сведения об издании __
a Основные сведения об издании 2-е изд., испр. и доп.
210 Выходные данные 1_
a Место издания Москва
c Издательство Издательско- торговая корпорация "Дашков и Ко"
d Дата издания 2006
215 Физическое описание __
a Объем 448 с.
610 Ключевые слова 0_
a Ключевые слова организация и технология внешнеторговых операций
a Ключевые слова техника заключения контрактов
a Ключевые слова продажа машин и оборудования, лицензий и ноу-хау
a Ключевые слова торговля услугами
a Ключевые слова поставка товаров в соответствии с Инкотермс-2000
686 Индексы других классификаций __
a Классификационный индекс 65.298
700 Автор _1
a Фамилия Прокушев Е. Ф.
801 Источник записи _0
a Страна RU
b Организация РУК
g Правила каталогизации PSBO
801 Источник записи _1
a Страна RU
b Организация РУК
g Правила каталогизации PSBO
852 Данные о местонахождении __
i Авторский знак П80
j Шифр хранения 65.298
901 Тип документа __
t Тип документа m
937 Технологическая информация __
a Создатель записи (имя) Бегун
938 Служебная информация __
a Название организации Калининградский филиал
938 Служебная информация __
a Название организации Владимирский филиал